Villes d'Ardèche par arrondissement - Statistiques

Statistiques générales
  • Ce quiz a été pris 75 fois
  • Le résultat moyen est 8 sur 15
Statistiques - réponses
Ville Population % Correct
Aubenas 12 360
91%
Annonay 16 873
89%
Privas 8 541
86%
Tournon-sur-Rhône 11 191
84%
Guilherand-Granges 11 203
71%
Le Teil 8 901
66%
Les Vans 2 659
50%
Bourg-Saint-Andéol 7 352
45%
Vals-les-Bains 3 485
45%
Viviers 3 674
43%
La Voulte-sur-Rhône 4 791
38%
Saint-Péray 7 588
36%
Davézieux 3 158
23%
Saint-Étienne-de-Fontbellon 2 868
20%
Villeneuve-de-Berg 3 029
20%
Aucun quiz correspondant
Distribution des résultats
% des personnes avec chaque résultat
Percentile par nombre de réponses
Votre historique - résultats
Vous n’avez pas pris ce quiz